| 000 | 00446nam a22001817a 4500 | ||
|---|---|---|---|
| 003 | CEME | ||
| 005 | 20210628205252.0 | ||
| 008 | 210224b xxu||||| |||| 00| 0 eng d | ||
| 020 | _a0-07-707324-X | ||
| 040 | _c. | ||
| 082 | _a006.454 SPE'R | ||
| 100 |
_aRowden, Chris _974678 |
||
| 245 | _aSpeech processing | ||
| 260 |
_aLONDON _bMCGRAW HILL _c1992 |
||
| 300 | _aXVII,405P | ||
| 650 |
_aSPEECH PROCESSING SYSTEMS _934984 |
||
| 942 |
_cBK _2ddc |
||
| 999 |
_c580184 _d580184 |
||